000 00854nas a2200277 4500
001 BR0803363
003 BR-BrBNA
005 20231205112259.0
007 ta
008 230509b bl.|||p| |||| 00| 00por d
040 _aBR-BrBNA
_bpor
_cBiblioteca Nacional de Agricultura
041 _a(Pt)
072 _aH60
100 1 _aMachado Neto, J.G.
100 1 _aCosta, G.M.
100 1 _aOliveira, M.L.
245 1 _aSegurança do trabalhador em aplicações de herbicidas com pulverizadores de barra em cana-de-açucar
650 _aCANA DE AÇUCAR
650 _aHERBICIDA
650 _aCONTROLE QUÍMICO
650 _aPULVERIZADOR
650 _aMÉTODO DE APLICAÇÃO
773 0 _tPlanta Daninha (Brazil)
_xISSN 0100-8358
_g(Jul-Sep 2007), v. 25(3) p. 639-648
_wBR0803363
909 _a202311
_bLúcia
_c55
_dLúcia Elande
942 _2AGRIS
_n0
_cANA
999 _c197162
_d197162